000 00615nam a22002057a 4500
003 OSt
005 20260415065852.0
008 260415b |||||||| |||| 00| 0 eng d
020 _a971-23-2301-3
040 _aDWCL - Main Lib.
_cOC
082 _aRes. 001.42 Sa55m 1997
100 _aSanchez, Custodiosa A.
_eAuthor
245 _aMethods and techniques of research /
_cCustodiosa A. Sanchez
250 _a3rd ed.
260 _aManila :
_bRex Book Store,
_cc1997.
300 _axi , 263 p. ;
_c22 cm.
504 _aIncludes references and index.
650 _a1. Research - Method.
942 _2ddc
_cBK-0 CIRC
_n0
999 _c9459
_d9459